| 000 | 00417nam a22001457a 4500 | ||
|---|---|---|---|
| 003 | OSt | ||
| 008 | 250212b |||||||| |||| 00| 0 eng d | ||
| 020 | _a9788197969188 | ||
| 100 | _aUPNEJA, Vijender | ||
| 245 | _aInnovation in Non-Conventional Energy Exploring the Future of Sustainable Power | ||
| 260 |
_aNew Delhi, _bNaples India: _c2024. |
||
| 300 | _a181p. | ||
| 650 | _aFaculty Publication | ||
| 942 |
_2ddc _cBK |
||
| 999 |
_c13099 _d13099 |
||